| 000 | 00649nam a2200193Ii 4500 | ||
|---|---|---|---|
| 003 | JO-AjNU | ||
| 008 | 230605s9999||||xx |||||||||||||| ||und|| | ||
| 040 |
_aJO-AjNU _bara _erda _cJO-AjNU |
||
| 041 | _aara | ||
| 050 | 1 | 4 | _aBP144.K53 |
| 100 | 3 |
_aكشك، عبد الحميد, _eauthor _919526 |
|
| 245 | 0 | 0 | _aفتاوى الشيخ كشك:هموم المسلم اليومية، ج1 |
| 264 | 3 | 1 | _aالقاهرة: دار المختار الاسلامي، د.ت |
| 300 | _aج1، 134ص | ||
| 336 |
_atext _btxt _2rdacontent |
||
| 337 |
_aunmediated _bn _2rdamedia |
||
| 338 |
_avolume _bnc _2rdacarrier |
||
| 650 | 4 |
_aالفقه الاسلامي _919527 |
|
| 999 |
_aA6459 _c10027 _d10027 |
||